Law and order in historical perspective: the case of Elizabethan Essex

Law and Order in Historical Perspective: The Case of Elizabethan Essex presents a brief description of what happened in the 16th-century criminal justice system from the commission of a felony until the disposition of the case occurred. This book discusses how criminal law actually operated in a com...

Descripción completa

Guardado en:  
Detalles Bibliográficos
Autor principal: Samaha, Joel (Autor)
Tipo de documento: Print Libro
Lenguaje:Inglés
Publicado: New York London Academic Press, a subsidiary of Harcourt Brace Jovanovich, publishers [1974]
En:Año: 1974
Disponibilidad en Tübingen:Disponible en Tübingen.
UB: KB 3 A 589
Verificar disponibilidad: HBZ Gateway
Servicio de pedido Subito: Pedir ahora.
Palabras clave:

MARC

LEADER 00000cam a2200000 c 4500
001 1604820098
003 DE-627
005 20260206204421.0
007 tu
008 921118s1974 xxu||||| 00| ||eng c
020 |a 0127857567  |9 0-12-785756-7 
035 |a (DE-627)1604820098 
035 |a (DE-603)098560999 
035 |a (DE-576)050661132 
035 |a (DE-599)BSZ050661132 
035 |a (OCoLC)668361 
035 |a (OCoLC)00668361 
035 |a (OCoLC)463527767 
035 |a (DE-604)8031540899 
040 |a DE-627  |b ger  |c DE-627  |e rakwb 
041 |a eng 
044 |c XD-US 
050 0 |a HV8197.E75 
082 0 |a 364/.9426/7  |q LOC 
082 0 |a 364.94267  |q LoC  |2 DDCoclc 
084 |a MS 6800  |2 rvk  |0 (DE-625)rvk/123768: 
084 |a PH 6165  |2 rvk  |0 (DE-625)rvk/136408:406 
084 |a MS 6380  |2 rvk  |0 (DE-625)rvk/123753: 
084 |a PW 9180  |2 rvk  |0 (DE-625)rvk/140989: 
084 |a 15.64  |2 bkl 
084 |a 86.09  |2 bkl 
100 1 |a Samaha, Joel  |e VerfasserIn  |0 (DE-588)142275336  |0 (DE-627)704187450  |0 (DE-576)329862227  |4 aut 
109 |a Samaha, Joel 
245 1 0 |a Law and order in historical perspective  |b the case of Elizabethan Essex  |c Joel Samaha, University of Minnesota 
264 1 |a New York  |a London  |b Academic Press, a subsidiary of Harcourt Brace Jovanovich, publishers  |c [1974] 
300 |a xvi, 176 Seiten  |b Illustrationen  |c 24 cm 
336 |a Text  |b txt  |2 rdacontent 
337 |a ohne Hilfsmittel zu benutzen  |b n  |2 rdamedia 
338 |a Band  |b nc  |2 rdacarrier 
490 0 |a Studies in social discontinuity 
500 |a Bibliography: p. 172-174 
520 |a Law and Order in Historical Perspective: The Case of Elizabethan Essex presents a brief description of what happened in the 16th-century criminal justice system from the commission of a felony until the disposition of the case occurred. This book discusses how criminal law actually operated in a community and how the system of the criminal justice was administered. Organized into two parts encompassing four chapters, this book begins with an overview of the statistics of crime and criminals in 16th-century England. This text then examines the law-enforcement machinery in Essex. Other chapters 
583 1 |a Archivierung prüfen  |c 20240324  |f DE-4165  |z 3  |2 pdager 
650 0 |a Criminal justice, Administration of  |z England  |z Essex  |x History  |y 16th century 
650 0 |a Crime  |z England  |z Essex  |x History  |y 16th century 
651 0 |a Great Britain  |x History  |y Elizabeth, 1558-1603 
689 0 0 |d g  |0 (DE-588)4085616-1  |0 (DE-627)106057855  |0 (DE-576)209230266  |a Essex  |2 gnd 
689 0 1 |d s  |0 (DE-588)4057795-8  |0 (DE-627)106149458  |0 (DE-576)209123737  |a Strafrecht  |2 gnd 
689 0 |5 (DE-627) 
889 |w (DE-627)110226569 
935 |i mdedup 
935 |h HEB  |i 0501 
935 |h HEB  |i 0503 
936 r v |a MS 6800  |b Allgemeines, Recht und Gesellschaft  |k Soziologie  |k Spezielle Soziologien  |k Rechtssoziologie  |k Allgemeines, Recht und Gesellschaft  |0 (DE-627)1271441519  |0 (DE-625)rvk/123768:  |0 (DE-576)201441519 
936 r v |a PH 6165  |b Strafverfahrensrecht, Strafvollzug, Gesetzgebungsmaterialien und -entwürfe zum Strafverfahrensrecht und Strafvollzug  |k Rechtswissenschaft  |k Strafrecht, Strafverfahrensrecht, Kriminologie  |k Vergleichendes und ausländisches Straf- und Strafprozessrecht einschliesslich Strafvollzug  |k Ausländisches Recht - Einzelne Länder  |k Westeuropa  |k Grossbritannien  |k Strafverfahrensrecht, Strafvollzug, Gesetzgebungsmaterialien und -entwürfe zum Strafverfahrensrecht und Strafvollzug  |0 (DE-627)1272577309  |0 (DE-625)rvk/136408:406  |0 (DE-576)202577309 
936 r v |a MS 6380  |b Kriminalität, Gefängnis, Erziehungsheim  |k Soziologie  |k Spezielle Soziologien  |k Soziale Probleme  |k Kriminalität, Gefängnis, Erziehungsheim  |0 (DE-627)1271441438  |0 (DE-625)rvk/123753:  |0 (DE-576)201441438 
936 r v |a PW 9180  |b England / Britische Inseln  |k Rechtswissenschaft  |k Deutsche und ausländische Rechtsgeschichte  |k Europäische Rechtsgeschichte  |k England / Britische Inseln  |0 (DE-627)127070642X  |0 (DE-625)rvk/140989:  |0 (DE-576)20070642X 
936 b k |a 15.64  |j Großbritannien  |j Irland  |x Geschichte  |0 (DE-627)181570386 
936 b k |a 86.09  |j Rechtsgeschichte  |0 (DE-627)106413481 
936 s n |a m200  |2 mzub 
936 s n |a p100  |2 mzub 
951 |a BO 
ELC |b 1 
LOK |0 000 xxxxxcx a22 zn 4500 
LOK |0 001 3106234792 
LOK |0 003 DE-627 
LOK |0 004 1604820098 
LOK |0 005 19960228000000 
LOK |0 008 960228||||||||||||||||ger||||||| 
LOK |0 040   |a DE-21  |c DE-627  |d DE-21 
LOK |0 852   |a DE-21 
LOK |0 852 1  |c KB 3 A 589  |9 00 
LOK |0 935   |a krim 
LOK |0 939   |a 28-02-96  |b l01 
ORI |a SA-MARC-krimdoka001.raw 
SIG |a UB: KB 3 A 589